1980s Rock Musicians by Picture - Statistics

General Stats
  • This quiz has been taken 1,340 times
    191 since last reset
  • The average score is 13 of 21
Answer Stats
Picture Answer % Correct
Ozzy Osbourne
89%
Slash
83%
Sting
82%
Brian May
77%
Billy Idol
76%
Eddie Van Halen
74%
Joan Jett
73%
Bruce Springsteen
70%
Jon Bon Jovi
67%
Angus Young
64%
Bono
59%
James Hetfield
58%
Tom Petty
58%
Kate Bush
54%
Morrissey
53%
Robert Smith
51%
Geddy {Lee}
44%
Huey Lewis
43%
Michael Hutchence
35%
Michael Stipe
35%
Black {Francis}
17%
No matching quizzes found
Score Distribution
Percent of People with Each Score
Percentile by Number Answered
Your Score History
You have not taken this quiz since the last reset